Normal view
MARC view
- Ministry of Labour and National Service
Entry Corporate Name
001 - CONTROL NUMBER
- control field: 5537
003 - CONTROL NUMBER IDENTIFIER
- control field: SIRSI
005 - DATE AND TIME OF LATEST TRANSACTION
- control field: 20190806150243.0
008 - FIXED-LENGTH DATA ELEMENTS
- fixed length control field: 080418n| acannaabn |n ana d
040 ## - CATALOGING SOURCE
- Original cataloging agency: OSt
- Transcribing agency: OSt
110 2# - HEADING--CORPORATE NAME
- Corporate name or jurisdiction name as entry element: Ministry of Labour and National Service
670 ## - SOURCE DATA FOUND
- Source citation: Surveying, 1945